Septem linguarum Calepinus, hoc est, Lexicon latinum, variarum linguarum interpretatione adjecta in usum Seminarii Patavini

Detalles Bibliográficos
Autor principal: Calepino, Ambrogio, O. S. A., 1435-1511
Otros Autores: Facciolati, Giacomo, 1682-1769, ed
Formato: Libro
Publicado: Patavii : typis Seminarii apud Joannem Manfrè, 1741.
Edición:Editio quinta emendatior, & auctior
Materias:
Colección:Banco de datos
Acervo:Fondo Antiguo José Gutiérrez Casillas. S.J. de la Biblioteca Eusebio F. Kino. de la Provincia Mexicana de la Compañía de Jesús
Descripción Física:2 t. ; f°
Tema general:Latín - Diccionarios
Notas:Portada a dos tintas con empresa tipográfica del impresor en grabado xilográfico. Texto a dos columnas con paginación en números arábigos, cornisas, titulillos, signaturas y reclamos. Tomo con portada y paginación propias. El t. 1 publicado en 1741. Paginación: t. 1 [5] h., 531 p. Incluye cabeceras de título, letras capitulares y viñetas finales con motivos florales en grabado xilográfico. Encuadernación en pergamino sobre cartón. Daños de humedad. Daños de polilla
LEADER 01369nam a22002170004500
035 |a 3339 
041 0 |a lat ; ita 
100 1 |a Calepino, Ambrogio, O. S. A., 1435-1511 
245 1 0 |a Septem linguarum Calepinus, hoc est, Lexicon latinum, variarum linguarum interpretatione adjecta in usum Seminarii Patavini 
250 |a Editio quinta emendatior, & auctior 
260 |a Patavii : typis Seminarii apud Joannem Manfrè, 1741. 
300 |a 2 t. ; f° 
500 |a Portada a dos tintas con empresa tipográfica del impresor en grabado xilográfico. Texto a dos columnas con paginación en números arábigos, cornisas, titulillos, signaturas y reclamos. Tomo con portada y paginación propias. El t. 1 publicado en 1741. Paginación: t. 1 [5] h., 531 p. Incluye cabeceras de título, letras capitulares y viñetas finales con motivos florales en grabado xilográfico. Encuadernación en pergamino sobre cartón. Daños de humedad. Daños de polilla 
505 0 0 |a t. 1 A-LY 
650 1 0 |a Latín - Diccionarios 
700 1 |a Facciolati, Giacomo, 1682-1769, ed.  
740 0 |a Lexicon latinum, variarum linguarum interpretatione adjecta in usum Seminarii Patavini 
949 |a 23695 (t. 1) 
942 |c KINO 
943 |g Fondo Antiguo José Gutiérrez Casillas. S.J. de la Biblioteca Eusebio F. Kino. de la Provincia Mexicana de la Compañía de Jesús 
999 |c 1096228  |d 1096228